Metódy získavania dát zo zariadení na monitorovanie fyzickej aktivity
Saved in:
| Main Author: | |
|---|---|
| Other Authors: | |
| Format: | Manuscript Book |
| Language: | Slovak English |
| Published: |
2022
|
| Subjects: | |
| Online Access: | http://is.stuba.sk/zp/portal_zp.pl?podrobnosti=155105 |
| Tags: |
No Tags, Be the first to tag this record!
|
MARC
| LEADER | 00000ntm a22000003a 4500 | ||
|---|---|---|---|
| 001 | stuzp88066 | ||
| 003 | SK-STU | ||
| 005 | 20220625210933.1 | ||
| 007 | ta | ||
| 008 | 150427s2015----xo-----f-mn---000-0-slo-d | ||
| 040 | |a STU |b slo | ||
| 041 | 0 | |a eng | |
| 100 | 1 | |a Oravec, Marek |u 070400 |4 aut |U FIIT Fakulta informatiky a informačných technológií |T FIIT Ústav počítačového inžinierstva a aplikovanej informatiky |X 103077 |U I400 |Y 672 |7 103077 | |
| 242 | 0 | 1 | |a Metódy získavania dát zo zariadení na monitorovanie fyzickej aktivity |y slo |
| 245 | 1 | 0 | |a Metódy získavania dát zo zariadení na monitorovanie fyzickej aktivity |
| 260 | |c 2022 | ||
| 650 | 4 | |a inteligentné hodinky |2 slo | |
| 650 | 4 | |a zraniteľnosti bluetooth |2 slo | |
| 650 | 4 | |a bluetooth komunikácia |2 slo | |
| 650 | 4 | |a bluetooth vulnerabilities |2 eng | |
| 650 | 4 | |a bluetooth communication |2 eng | |
| 650 | 4 | |a smartwatch |2 eng | |
| 700 | 1 | |a Helebrandt, Pavol |u 070400 |k Z1 |4 ths |U FIIT Fakulta informatiky a informačných technológií |T FIIT Ústav počítačového inžinierstva a aplikovanej informatiky |X 35267 |U I400 |Y 672 |7 35267 | |
| 856 | 4 | |u http://is.stuba.sk/zp/portal_zp.pl?podrobnosti=155105 | |